Fr. Conceicao Rodrigues College of Engineering

Ingenious Mechanisms II (Record no. 28422)

MARC details
000 -LEADER
fixed length control field 00280nam a2200133Ia 4500
082 ## - DEWEY DECIMAL CLASSIFICATION NUMBER
Classification number 621.9
100 ## - MAIN ENTRY--PERSONAL NAME
Personal name Jones Franklin
245 ## - TITLE STATEMENT
Title Ingenious Mechanisms II
260 ## - PUBLICATION, DISTRIBUTION, ETC.
Name of publisher, distributor, etc. Industrial Press
Date of publication, distribution, etc. 2001
300 ## - PHYSICAL DESCRIPTION
Extent 538
546 ## - LANGUAGE NOTE
Language note ENGLISH
654 ## - SUBJECT ADDED ENTRY--FACETED TOPICAL TERMS
Focus term Mechanisms
942 ## - ADDED ENTRY ELEMENTS (KOHA)
Koha item type Reference Book
Holdings
Withdrawn status Lost status Damaged status Not for loan Collection Home library Current library Date acquired Cost, normal purchase price Inventory number Total Checkouts Full call number Barcode Date last seen Cost, replacement price Price effective from Koha item type
        AFT Fr. Agnel's C.Rodrigues College of Engineering Fr. Agnel's C.Rodrigues College of Engineering 17/03/2023 320.00 1541   621.9 AFT1010 17/03/2023 320.00 17/03/2023 Reference Book